All Ghost-Type Pokémon - Statistics

General Stats
  • This quiz has been taken 8 times
  • The average score is 48 of 65
Answer Stats
Type Nat Dex No. Answer % Correct
Ghost/Poison #0092 Gastly
100%
Ghost/Poison #0094 Gengar
100%
Ghost/Poison #0093 Haunter
100%
Steel/Ghost #0681 Aegislash
88%
Fighting/Ghost #0979 Annihilape
88%
Ghost #0354 Banette
88%
Dragon/Ghost #0887 Dragapult
88%
Ghost/Flying #0425 Drifloon
88%
Ice/Ghost #0478 Froslass
88%
Ghost/Dragon #0487 Giratina
88%
Psychic/Ghost (Confined Form) #0720 Hoopa
88%
Water/Ghost #0593 Jellicent
88%
Ghost #0200 Misdreavus
88%
Electric/Ghost (Normal Form) #0479 Rotom
88%
Dark/Ghost #0302 Sableye
88%
Bug/Ghost #0292 Shedinja
88%
Ghost #0353 Shuppet
88%
Ghost/Dark #0442 Spiritomb
88%
Ghost/Fire #0609 Chandelure
75%
Ghost #0563 Cofagrigus
75%
Ghost #0864 Cursola
75%
Grass/Ghost #0724 Decidueye
75%
Steel/Ghost #0680 Doublade
75%
Dragon/Ghost #0886 Drakloak
75%
Dragon/Ghost #0885 Dreepy
75%
Ghost/Flying #0426 Drifblim
75%
Ghost #0356 Dusclops
75%
Ghost #0477 Dusknoir
75%
Ghost #0355 Duskull
75%
Water/Ghost #0592 Frillish
75%
Steel/Ghost #1000 Gholdengo
75%
Ground/Ghost #0623 Golurk
75%
Ghost/Grass #0711 Gourgeist
75%
Steel/Ghost #0679 Honedge
75%
Ghost/Fairy #0778 Mimikyu
75%
Ghost #0429 Mismagius
75%
Ghost/Grass #0708 Phantump
75%
Grass/Ghost #1012 Poltchageist
75%
Ghost/Grass #0710 Pumpkaboo
75%
Ground/Ghost #0867 Runerigus
75%
Grass/Ghost #1013 Sinistcha
75%
Fire/Ghost #0911 Skeledirge
75%
Ghost/Grass #0709 Trevenant
75%
Ghost #0562 Yamask
75%
Water/Ghost #0902 Basculegion
63%
Fire/Ghost #0937 Ceruledge
63%
Ghost/Grass #0781 Dhelmise
63%
Ghost/Fairy #0987 Flutter Mane
63%
Ghost #0999 Gimmighoul
63%
Ground/Ghost #0622 Golett
63%
Ghost #0971 Greavard
63%
Ghost #0972 Houndstone
63%
Ghost/Fire #0608 Lampent
63%
Ghost/Fire #0607 Litwick
63%
Fighting/Ghost #0802 Marshadow
63%
Ghost/Ground #0770 Palossand
63%
Poison/Ghost #1025 Pecharunt
63%
Ghost #0855 Polteageist
63%
Ghost/Ground #0769 Sandygast
63%
Ghost #0854 Sinistea
63%
Fire/Ghost #0806 Blacephalon
50%
Grass/Ghost #0947 Brambleghast
50%
Grass/Ghost #0946 Bramblin
50%
Psychic/Ghost #0792 Lunala
50%
Ghost #0897 Spectrier
50%
No matching quizzes found
Score Distribution
Percent of People with Each Score
Percentile by Number Answered
Your Score History
You have not taken this quiz